Liberalizácia tlačí pošty k zmenám
Významné zmeny v európskom poštovom sektore za posledných desať rokov. Čiastočná privatizácia a trhová orientácia tradičných monopolných spoločností. Rozličný stupeň liberalizácie. Rakúsko chce poštu sprivatizovať, Nemcom vyrastá na lokálnom trhu silná konkurencia.
Gespeichert in:
| 1. Verfasser: | |
|---|---|
| Format: | Buchkapitel |
| Sprache: | Slowakisch |
| Schlagworte: | |
| Tags: |
Keine Tags, Fügen Sie das erste Tag hinzu!
|
MARC
| LEADER | 00000naa$a2200000$$$4500 | ||
|---|---|---|---|
| 001 | 0034014 | ||
| 005 | 20231009081917.8 | ||
| 041 | 0 | |a slo | |
| 044 | |a SK | ||
| 245 | 1 | 0 | |a Liberalizácia tlačí pošty k zmenám |c Kristian Slovák |
| 520 | |a Významné zmeny v európskom poštovom sektore za posledných desať rokov. Čiastočná privatizácia a trhová orientácia tradičných monopolných spoločností. Rozličný stupeň liberalizácie. Rakúsko chce poštu sprivatizovať, Nemcom vyrastá na lokálnom trhu silná konkurencia. | ||
| 610 | 2 | 0 | |a pošty |
| 610 | 2 | 0 | |a privatizácia |
| 610 | 2 | 0 | |a liberalizácia |
| 610 | 2 | 0 | |a konkurencia |
| 610 | 2 | 0 | |a Európa |
| 610 | 2 | 0 | |a Rakúsko |
| 610 | 2 | 0 | |a Nemecko |
| 100 | 1 | |a Slovák, Kristian | |